00444nam a2200145Ia 4500008004100000020001900041041000800060082001600068100002800084245012600112250000600238260003200244300001300276650000900289210716s1991 xx 000 0 und d a97880070728998 aeng a658.16 ZIMF aZimmerman, Frederick M. aTurnaround experience: real world lessons in revitalizing corporations.bReal world lessons in revitalizing corporations. a1 aNew YorkbMcGraw Hillc1991 axii, 335 aNone